[Event "MK Cafe Cup-A"]
[Site "Koszalin"]
[Date "1998.08.07"]
[Round "5"]
[White "Grabarczyk, Miroslaw"]
[Black "Hansen, Sune Berg"]
[Result "1-0"]
[WhiteElo "2470"]
[BlackElo "2520"]

1.d4 Nf6 2.c4 e6 3.Nf3 b6 4.g3 Ba6 5.b3 Bb7 6.Bg2 Bb4+ 7.Bd2 c5 8.O-O O-O
9.a3 Bxd2 10.Qxd2 cxd4 11.Qxd4 Nc6 12.Qb2 Qe7 13.Nc3 Rfd8 14.Rfd1 Rac8 15.Rac1 d6
16.Nd2 h6 17.Nde4 Ne8 18.Rc2 Na5 19.Nb5 a6 20.Nd4 Rc7 21.Rcd2 Rdc8 22.f4 f5
23.Nf2 Nf6 24.Re1 Bxg2 25.Kxg2 Rc5 26.Qb1 Nc6 27.Nxc6 R5xc6 28.e4 Qb7 29.exf5 exf5
30.Kg1 Qd7 31.Rde2 Re8 32.Rxe8+ Nxe8 33.Nd1 Nf6 34.Ne3 g6 35.Qb2 Qg7 36.Qd4 b5
37.g4 Kh7 38.gxf5 gxf5+ 39.Kh1 Qe7 40.Qa1  1-0

[Event "ARG-ch97"]
[Site "Villa Martelli"]
[Date "1998.08.07"]
[Round "1"]
[White "Sorin, Ariel"]
[Black "Ricardi, Pablo"]
[Result "1/2-1/2"]
[WhiteElo "2470"]
[BlackElo "2545"]

1.d4 Nf6 2.c4 e6 3.Nf3 b6 4.g3 Ba6 5.Qa4 c6 6.Nc3 Be7 7.Bg2 O-O 8.Bf4 b5
9.cxb5 cxb5 10.Nxb5 Nd5 11.Nc3 Nxf4 12.gxf4 d5 13.O-O Bd6 14.f5 Qf6 15.Rfe1 Qxf5
16.e4 Qg6 17.exd5 Bc8 18.Ne5 Bxe5 19.dxe5 Nd7 20.Qe4 Qxe4 21.Rxe4 Rb8 22.b3 Bb7
23.Re3 exd5 24.Nxd5 Rfe8 25.f4 Nc5 26.Rc1 Ne6 27.f5 Nd4 28.f6 Bxd5 29.Bxd5 Rb5
30.Bg2 h6 31.Re4 Nf5 32.Rce1 g5 33.Ra4 a5 34.Rae4 Nh4 35.Kf2 Rc5 36.Bf1 Ng6
37.e6 fxe6 38.Bc4 Kf7 39.Rxe6 Rxe6 40.Bxe6+ Kxf6 41.Bc4 Ne5 42.Re4 Kf5 43.Rd4 Ng4+
44.Kg3 Nf6 45.Rd8  1/2-1/2

[Event "MK Cafe Cup-A"]
[Site "Koszalin"]
[Date "1998.08.08"]
[Round "6"]
[White "Czerwonski, Aleksander"]
[Black "Pieniazek, Artur"]
[Result "1/2-1/2"]
[WhiteElo "2390"]
[BlackElo "2400"]

1.d4 Nf6 2.c4 e6 3.Nf3 b6 4.g3 Ba6 5.Nbd2 Bb4 6.Qb3 c5 7.Bg2 Nc6 8.dxc5 Bxc5
9.O-O O-O 10.Qa4 Bb7 11.Ne5 Qc7 12.Nxc6 Bxc6 13.Bxc6 dxc6 14.Nb3 Be7 15.Bf4 e5
16.Bg5 Rfd8 17.Rad1 h6  1/2-1/2

[Event "Budapest FS08 IM-B"]
[Site "Budapest"]
[Date "1998.08.09"]
[Round "9"]
[White "Flumbort, Andras"]
[Black "Hallossy, Tibor"]
[Result "1-0"]
[WhiteElo "2245"]
[BlackElo "2150"]

1.d4 Nf6 2.c4 e6 3.Nf3 b6 4.g3 Ba6 5.b3 Bb4+ 6.Bd2 Be7 7.Bg2 d5 8.Ne5 O-O
9.O-O Ne4 10.Nc3 Nxd2 11.Qxd2 c6 12.Rfe1 f6 13.Nd3 dxc4 14.Nf4 Bc8 15.Qe3 e5
16.dxe5 fxe5 17.Qxe5 Bf6 18.Qe4 cxb3 19.axb3 Re8 20.Qc4+ Kh8 21.Rad1 Qe7
22.Ncd5 b5 23.Qc2 Qf7 24.Bf3 g6 25.Nxf6 Qxf6 26.Qc5 Bb7 27.Rd6 Qe7 28.Qc3+ Kg8
29.Red1 g5 30.Bg4 Bc8 31.Re6 Qf7 32.Rxe8+ Qxe8 33.Qf6 Bxg4 34.Rd8 Bd7 35.Ne6  1-0

[Event "Eikrem mem"]
[Site "Gausdal"]
[Date "1998.08.09"]
[Round "9"]
[White "Behrhorst, Frank"]
[Black "Karason, Askell O"]
[Result "1-0"]
[WhiteElo "2290"]
[BlackElo "2270"]

1.d4 Nf6 2.c4 e6 3.Nf3 b6 4.g3 Ba6 5.b3 Bb7 6.Bg2 Bb4+ 7.Bd2 c5 8.O-O O-O
9.Bc3 Bxc3 10.Nxc3 d6 11.Qd2 Qe7 12.Rfd1 Nc6 13.d5 exd5 14.cxd5 Ne5 15.Nh4 Qd7
16.e4 b5 17.f4 Neg4 18.h3 b4 19.Na4 Nh6 20.e5 Ne8 21.exd6 Qxd6 22.Qf2 Rc8
23.Rac1 c4 24.bxc4 Nf6 25.c5 Qa6 26.c6 Qxa4 27.cxb7 Rc3 28.Qd4 Rxg3 29.Rc8 Nd7
30.b8=Q Nxb8 31.Rxf8+ Kxf8 32.Qc5+ Ke8 33.Qc8+ Ke7 34.d6+  1-0

[Event "FRA-ch"]
[Site "Meribel"]
[Date "1998.08.16"]
[Round "3"]
[White "Dorfman, Josif D"]
[Black "Hauchard, Arnaud"]
[Result "1-0"]
[WhiteElo "2585"]
[BlackElo "2500"]

1.d4 Nf6 2.Nf3 e6 3.c4 b6 4.g3 Ba6 5.Nbd2 Bb7 6.Bg2 c5 7.e4 cxd4 8.O-O d6
9.Nxd4 Qc8 10.a4 Nc6 11.Nxc6 Bxc6 12.b4 Be7 13.Qe2 a5 14.c5 bxc5 15.b5 Bb7
16.Nc4 Qc7 17.Bd2 O-O 18.Bxa5 Qb8 19.Bc3 d5 20.exd5 Bxd5 21.Bxd5 Nxd5 22.Be5 Qb7
23.Qg4 Bf6 24.Qf3 Bxe5 25.Nxe5 Rfc8 26.Rfc1 Qc7 27.Nc4 Nb6 28.Nxb6 Qxb6 29.Rc4 h6
30.Rd1 Ra7 31.Rd3 Qb8 32.Qd1 Qe5 33.b6 Rb7 34.a5 Kh7 35.Kg2 Ra8 36.Qc2 g6
37.Rxc5 Qe4+ 38.f3 Qe1 39.Qd2 Qa1 40.h4 h5 41.Qc3  1-0

[Event "Wch (Men) U26"]
[Site "Rotterdam"]
[Date "1998.08.16"]
[Round "5"]
[White "Mchedlishvili, Mikheil"]
[Black "Shariyazdanov, Andrey"]
[Result "0-1"]
[WhiteElo "2390"]
[BlackElo "2530"]

1.d4 Nf6 2.Nf3 e6 3.c4 b6 4.g3 Ba6 5.Qa4 Bb7 6.Bg2 c5 7.O-O cxd4 8.Nxd4 Qc8
9.Rd1 Bxg2 10.Kxg2 Be7 11.f3 O-O 12.Nc3 d6 13.e4 a6 14.Be3 Qb7 15.Rac1 Rc8
16.Nde2 Nbd7 17.Bd4 Rab8 18.Qb3 Nc5 19.Qc2 b5 20.cxb5 axb5 21.b4 Ncd7 22.a3 Rc4
23.Qd3 Rbc8 24.Nb1 d5 25.exd5 Nxd5 26.Nd2 Rxc1 27.Rxc1 Rxc1 28.Nxc1 Bg5 29.Ne2 Bxd2
30.Qxd2 Qc6 31.Qd3 e5 32.Bf2 g6 33.Be1 N7b6 34.Bf2 Nd7 35.Be1 N7b6 36.Bf2 Nd7
37.Be1 f6 38.h4 Kf7 39.h5 f5 40.Nc3 Nxc3 41.Bxc3 Ke6 42.hxg6 hxg6 43.Qe3 g5
44.Kh2 Qc4 45.Kg1 f4 46.gxf4 gxf4 47.Qe1 Qd3 48.Kf2 Kd5 49.Bb2 Qc2+ 50.Qe2 Qxe2+
51.Kxe2 Kc4 52.Kd2 Kd5 53.Ke2 Nb8 54.Kd2 Nc6 55.Kc2 Nd4+ 56.Bxd4 Kxd4 57.Kd2 e4
58.fxe4 Kxe4 59.Ke2 f3+ 60.Kf2 Kf4 61.Kf1 Ke3 62.Ke1 f2+  0-1

[Event "ESP-ch"]
[Site "Linares"]
[Date "1998.08.18"]
[Round "7"]
[White "Del Rio de Angeles, Gabriel"]
[Black "Franco Ocampo, Zenon"]
[Result "1-0"]
[WhiteElo "2365"]
[BlackElo "2485"]

1.d4 Nf6 2.Nf3 e6 3.c4 b6 4.g3 Ba6 5.Nbd2 Bb4 6.Qb3 c5 7.Bg2 Nc6 8.O-O Rc8
9.Qa4 Bb7 10.d5 Bxd2 11.Nxd2 Nd4 12.Qd1 exd5 13.e3 Nf5 14.cxd5 O-O 15.e4 Nd4
16.Nb3 Nxb3 17.axb3 a5 18.e5 Ne8 19.Ra4 f6 20.f4 f5 21.h3 g6 22.g4 d6 23.e6 Rc7
24.Bd2 Qa8 25.Bc3 Nf6 26.gxf5 gxf5 27.Kh2 Rg7 28.Rg1 Rg6 29.e7 Re8 30.Qe1 Qc8
31.Bh1 Kf7 32.Qh4  1-0

[Event "Wiesbaden op"]
[Site "Wiesbaden"]
[Date "1998.08.24"]
[Round "4"]
[White "Wissemann, Andreas"]
[Black "Schmidt, Jan Peter"]
[Result "0-1"]
[WhiteElo "2070"]
[BlackElo "2300"]

1.d4 Nf6 2.c4 e6 3.Nf3 b6 4.g3 Ba6 5.b3 Bb4+ 6.Bd2 Be7 7.Bg2 c6 8.O-O d5
9.cxd5 cxd5 10.Nc3 Nc6 11.a3 O-O 12.Bg5 Rc8 13.Bxf6 Bxf6 14.Rc1 Be7 15.b4 Bc4
16.Re1 b5 17.e4 dxe4 18.Nxe4 a5 19.Rxc4 bxc4 20.b5 Nb8 21.Re3 Nd7 22.Qd2 Qb6
23.Qb2 Nf6 24.Nc3 Rfd8 25.Ne5 Rxd4 26.Nc6 Rxc6 27.Bxc6 Ng4 28.Re2 Bf6 29.Qc2 Ne5
30.Bg2 Rd3 31.Kf1 Ng4 32.Nd5 Qxb5 33.Nxf6+ Nxf6 34.a4 Qb4 35.Bc6 g6 36.Bb5 Rd4
37.Kg2 Nd5 38.Qb2 Nc3 39.Rc2 Qxb2 40.Rxb2 Nd5 41.Kf1 c3 42.Rc2 Kf8 43.Ke2 Ke7
44.Rc1 Kd6 45.Rd1 Rxd1 46.Kxd1 Kc5 47.Kc2 Kd4 48.Be8 Nb4+ 49.Kd1 Kc4  0-1

[Event "Taufkirchen"]
[Site "Taufkirchen"]
[Date "1998.08.30"]
[Round "5"]
[White "Lautner, Josef"]
[Black "Testor, Sebastian"]
[Result "1/2-1/2"]
[WhiteElo "2084"]
[BlackElo "1931"]

1.d4 Nf6 2.c4 e6 3.Nf3 b6 4.g3 Ba6 5.b3 Bb4+ 6.Bd2 Be7 7.Bg2 c6 8.Bc3 d5
9.Nbd2 Nbd7 10.O-O O-O 11.Re1 Rc8 12.e4 Nxe4 13.Nxe4 dxe4 14.Rxe4 Bb7 15.Re2 Qc7
16.Qc2 Bf6 17.Rd1 Rfd8 18.h4 c5 19.Ng5 Bxg5 20.hxg5 Bxg2 21.Kxg2 cxd4 22.Rxd4 Nc5
23.Rh4 Qc6+ 24.Kh2 Nd3 25.Re3 Qd6 26.Rd4 Nb4 27.Qd1 Qf8 28.Ree4 Nc6 29.Rxd8 Qxd8
30.Qh5 Qd3 31.Re3  1/2-1/2

[Event "RUS-Cup final"]
[Site "Samara"]
[Date "1998.09.06"]
[Round "8"]
[White "Volkov, Sergey"]
[Black "Landa, Konstantin"]
[Result "1/2-1/2"]
[WhiteElo "2605"]
[BlackElo "2520"]

1.d4 Nf6 2.c4 e6 3.Nf3 b6 4.g3 Ba6 5.Qa4 Bb7 6.Bg2 Be7 7.O-O O-O 8.Rd1 c5
9.Nc3 cxd4 10.Nxd4 Bxg2 11.Kxg2 Qc8 12.Bg5 Qb7+ 13.f3 a6 14.Ne4 Nxe4 15.Bxe7 Re8
16.Ba3 Nf6 17.Bd6 Rc8 18.Rd3 Ne8 19.Ba3 d6 20.Rc3 Nd7 21.Rac1 Rc7 22.b4 Ne5
23.b5 axb5 24.Qxb5 Nc6 25.e3 Ra5 26.Qb3 Nxd4 27.exd4 Qa8 28.R1c2 Rca7 29.Bb2 Rxa2
30.d5 e5 31.Qxb6 Rb7 32.Qf2 Nf6 33.Bc1 Rxc2 34.Qxc2 Nd7 35.Ra3 Ra7 36.Qa2 Rxa3
37.Qxa3 Qb8 38.Bd2 h5 39.Qb4 Kf8 40.Qxb8+ Nxb8 41.Kf2 Nd7 42.Be3  1/2-1/2

[Event "CRO-chT"]
[Site "Porec"]
[Date "1998.09.07"]
[Round "3"]
[White "Petrov, Jole"]
[Black "Kurajica, Bojan"]
[Result "1/2-1/2"]
[WhiteElo "2405"]
[BlackElo "2570"]

1.d4 Nf6 2.Nf3 e6 3.c4 b6 4.g3 Ba6 5.Nbd2 d5 6.Bg2 Be7 7.Qa4+ c6 8.cxd5 b5
9.Qc2 cxd5 10.O-O O-O 11.Ne5 Qb6 12.Nb3 Rc8 13.Qb1 b4 14.Re1 h6 15.e4 dxe4
16.Bxe4 Bb7 17.Bg6 fxg6 18.Qxg6 Rf8 19.Bxh6 Ne8 20.Nc5 Bf6 21.Rac1 Na6 22.Ncd7 Qd6
23.Nxf8 Qxf8 24.Bf4 Qe7 25.Ng4 Qd7 26.Be5 Qd8 27.Nh6+ Kh8 28.Nf7+ Kg8 29.Nh6+ Kh8  1/2-1/2

[Event "Itau Mercosul Cup 2nd"]
[Site "Sao Paulo"]
[Date "1998.09.09"]
[Round "2"]
[White "Cordioli, Joao"]
[Black "Disconzi da Silva, Rodrigo"]
[Result "0-1"]
[WhiteElo "2040"]
[BlackElo "2355"]

1.d4 Nf6 2.Nf3 e6 3.c4 b6 4.g3 Ba6 5.Qc2 Bb7 6.Bg2 c5 7.O-O cxd4 8.Nxd4 Bxg2
9.Kxg2 Qc7 10.Bg5 Be7 11.Bxf6 Bxf6 12.Nb5 Qc6+ 13.f3 a6 14.N5a3 O-O 15.Nd2 Be7
16.Qd3 d6 17.Qe4 Ra7 18.Qxc6 Nxc6 19.Nc2 Rd8 20.Rfd1 Rad7 21.Ne4 f5 22.Nf2 Bf6
23.Rab1 Ne7 24.e4 g6 25.b3 Kf7 26.Rd3 Nc6 27.f4 Rc7 28.Rbd1 Be7 29.h3 Rg8
30.h4 Rb8 31.exf5 gxf5 32.Nd4 Nxd4 33.Rxd4 b5 34.cxb5 axb5 35.R4d2 Rg8 36.Kf3 Ra8
37.Re2 Rc6 38.Rde1 Rc3+ 39.Re3 Rxe3+ 40.Rxe3 Rxa2 41.Nd3 h5 42.Nf2 Bf6 43.Rd3 Ke7
44.Ke3 Kd7 45.Rd2 Ra3 46.Rd3 Bd8 47.Nh3 Ra2 48.Rd2 Ra3 49.Rd3 Ba5  0-1

[Event "Karl Wagner mem 5th"]
[Site "Graz"]
[Date "1998.09.11"]
[Round "7.4"]
[White "Zoler, Dan"]
[Black "Polak, Tomas"]
[Result "1/2-1/2"]
[WhiteElo "2500"]
[BlackElo "2525"]

1.d4 Nf6 2.c4 e6 3.Nf3 b6 4.g3 Ba6 5.Nbd2 Bb7 6.Bg2 d5 7.O-O Be7 8.Ne5 O-O
9.b3 Nbd7 10.Bb2 c6 11.Nd3 Qc7 12.Rc1 Rad8 13.cxd5 Nxd5 14.e4 N5f6 15.d5 exd5
16.exd5 c5 17.Re1 Bd6 18.Ne4 Nxd5 19.Qg4 g6 20.Nxd6 Qxd6 21.Rcd1 N5f6 22.Qg5 Bxg2
23.Nf4 Qc6 24.Nxg2 Rfe8 25.Ne3 Qf3 26.Qh6 Nf8 27.Rxd8 Rxd8 28.Ng4 N8d7 29.h3 Re8
30.Rxe8+ Nxe8 31.Qd2 Qc6 32.Qf4 Qe6 33.h4 b5 34.h5 c4 35.hxg6 hxg6 36.Qh6 Ndf6
37.Nxf6+ Nxf6 38.Qf4 Qe1+ 39.Kh2 c3 40.Qxf6 cxb2 41.Qxb2  1/2-1/2

[Event "EUCup sf"]
[Site "Lubniewice"]
[Date "1998.09.19"]
[Round "2"]
[White "Dautov, Rustem"]
[Black "Shneider, Aleksandr"]
[Result "1-0"]
[WhiteElo "2625"]
[BlackElo "2540"]

1.d4 Nf6 2.Nf3 e6 3.c4 b6 4.g3 Ba6 5.b3 Bb4+ 6.Bd2 Be7 7.Bg2 c6 8.Bc3 d5
9.Ne5 Nfd7 10.Nxd7 Nxd7 11.Nd2 Rc8 12.O-O O-O 13.Re1 c5 14.cxd5 exd5 15.a3 Nf6
16.b4 cxd4 17.Bxd4 Qd7 18.Qb3 Bb5 19.Qb2 Ba4 20.Rac1 Rxc1 21.Rxc1 Rc8 22.Rxc8+ Qxc8
23.Nf1 Bd7 24.Ne3 Be6 25.Be5 h6 26.f4 a5 27.Bf3 axb4 28.axb4 Qf8 29.Kg2 Qd8
30.Qd4 Bf8 31.f5 Bc8 32.Nxd5 Nxd5 33.Bxd5 Qe7 34.e4 Bb7 35.f6 gxf6 36.Bxf6 Qc7
37.Bxb7 Qxb7 38.b5 Qc7 39.e5 Qc2+ 40.Kh3 Kh7 41.Qd7 Qb3 42.Qf5+ Kg8 43.Qc8 Qb4
44.Qg4+ Kh7 45.Qf5+  1-0

[Event "Elista ol (Men)"]
[Site "Elista"]
[Date "1998.10.01"]
[Round "3"]
[White "Nabil, Adel Nasser"]
[Black "Dyce, Andrew"]
[Result "0-1"]
[WhiteElo "2030"]
[BlackElo "2295"]

1.d4 Nf6 2.c4 e6 3.Nf3 b6 4.g3 Ba6 5.Qc2 Bb4+ 6.Nbd2 O-O 7.Bg2 d5 8.Ne5 c5
9.dxc5 Qc7 10.Nd3 Bxc5 11.Nxc5 Qxc5 12.O-O Nc6 13.Qa4 Bxc4 14.Nxc4 b5 15.b4 Qxc4
16.Qd1 Qxb4 17.a4 Qd4 18.Bd2 b4 19.Qc2 Rfc8 20.Rfd1 a5 21.Rac1 Ne7 22.Qa2 Rxc1
23.Rxc1 b3  0-1

[Event "Elista ol (Men)"]
[Site "Elista"]
[Date "1998.10.05"]
[Round "7"]
[White "Polak, Tomas"]
[Black "Kengis, Edvins"]
[Result "0-1"]
[WhiteElo "2525"]
[BlackElo "2570"]

1.d4 Nf6 2.c4 e6 3.Nf3 b6 4.g3 Ba6 5.b3 Bb4+ 6.Bd2 Bxd2+ 7.Qxd2 c5 8.Bg2 d5
9.cxd5 exd5 10.Nc3 Nc6 11.Qe3+ Qe7 12.Qxe7+ Kxe7 13.O-O-O Rhd8 14.e3 Rac8
15.Kb2 Ne4 16.Nxe4 dxe4 17.Ng5 cxd4 18.Bxe4 dxe3 19.Rxd8 Nxd8 20.fxe3 Nb7
21.Rd1 Nc5 22.Bc2 h6 23.Ne4 Nxe4 24.Bxe4 Rc5 25.Rd4 Bc8 26.b4 Re5 27.a4 Be6
28.Kc3 f5 29.Bd3 Rxe3 30.b5 Re1 31.a5 Ra1 32.axb6 axb6 33.Bc2 Ra3+ 34.Kb2 Ra2+
35.Kc3 g5 36.Rd2 Ra3+ 37.Kd4 Kf6 38.Rf2 Ra5 39.Bd3 Ra4+ 40.Kc3 h5 41.Rf1 h4
42.Rf2 h3 43.Rf1 g4 44.Rf2 f4 45.gxf4 Bd5 46.Bf1 Kf5 47.Rd2 Be4 48.Rd6 Ra2
49.Rxb6 Rxh2 50.Rh6 Rf2  0-1

[Event "Elista ol (Men)"]
[Site "Elista"]
[Date "1998.10.05"]
[Round "7"]
[White "Nabil, Adel Nasser"]
[Black "Heidenfeld, Mark"]
[Result "0-1"]
[WhiteElo "2030"]
[BlackElo "2335"]

1.d4 Nf6 2.c4 e6 3.Nf3 b6 4.g3 Ba6 5.Qc2 d5 6.cxd5 exd5 7.Bg2 Bd6 8.O-O O-O
9.Nc3 c6 10.Ne5 Qc7 11.f4 Bb7 12.g4 Nbd7 13.g5 Bxe5 14.fxe5 Ne8 15.b3 Qd8
16.Ba3 c5 17.Qf5 Nc7 18.e4 g6 19.Qg4 Ne6 20.Bh3 dxe4 21.Nxe4 Nxd4 22.Qxd7 Bxe4
23.e6 Qxg5+  0-1

[Event "Elista ol (Men)"]
[Site "Elista"]
[Date "1998.10.06"]
[Round "8"]
[White "Escobedo Tinajero, Alberto"]
[Black "Grosar, Aljosa"]
[Result "0-1"]
[WhiteElo "2370"]
[BlackElo "2450"]

1.d4 Nf6 2.c4 e6 3.Nf3 b6 4.g3 Ba6 5.b3 Bb4+ 6.Bd2 Be7 7.Bg2 c6 8.O-O d5
9.cxd5 cxd5 10.Ne5 O-O 11.Nc3 Nfd7 12.Nxd7 Qxd7 13.Re1 Nc6 14.Bc1 Rac8 15.Bb2 Rc7
16.Rc1 Rfc8 17.Qd2 Qd8 18.Nb1 Nb4 19.Bc3 h6 20.a3 Nc6 21.b4 Bc4 22.Qb2 a5
23.b5 Nb8 24.a4 Qf8 25.Rc2 Nd7 26.Rec1 Nf6 27.Bd2 g5 28.f3 Ne8 29.e4 Qg7
30.Be3 Bb4 31.Bf1 Bxf1 32.Kxf1 Qf6 33.Ke2 g4 34.f4 Qg6 35.Rxc7 Rxc7 36.Rxc7 Nxc7
37.f5 Qh5 38.Qc2 Qxh2+ 39.Bf2 Qh1 40.exd5 Nxd5 41.Nd2 Bxd2 42.Qxd2 exf5 43.Qe1 Qf3+
44.Kf1 f4 45.Qe8+ Kg7 46.Kg1 fxg3 47.Qe5+ f6  0-1

[Event "Elista ol (Men)"]
[Site "Elista"]
[Date "1998.10.06"]
[Round "8"]
[White "Nemet, Ivan"]
[Black "Labib, Ibrahim Hasan"]
[Result "1-0"]
[WhiteElo "2395"]
[BlackElo "2305"]

1.d4 Nf6 2.Nf3 e6 3.c4 b6 4.g3 Ba6 5.Nbd2 d5 6.Bg2 Bb7 7.Ne5 Nfd7 8.Nxd7 Nxd7
9.O-O Nf6 10.cxd5 Bxd5 11.e4 Bb7 12.Qa4+ Qd7 13.Qxd7+ Nxd7 14.Nc4 Ba6 15.b3 c5
16.d5 Bxc4 17.bxc4 Ne5 18.Rd1 Nxc4 19.Bf1 Ne5 20.Bb5+ Ke7 21.Bb2 f6 22.f4 Nf3+
23.Kg2 Nd4 24.Bxd4 cxd4 25.Rac1 exd5 26.Rc7+ Ke6 27.Rxd4 a6 28.Rxd5 Be7 29.Bc4 b5
30.Bb3  1-0

[Event "Elista ol (Men)"]
[Site "Elista"]
[Date "1998.10.06"]
[Round "8"]
[White "Kutirov, Rolando"]
[Black "Bitoon, Richard"]
[Result "0-1"]
[WhiteElo "2420"]
[BlackElo "2350"]

1.d4 Nf6 2.c4 e6 3.Nf3 b6 4.g3 Ba6 5.Nbd2 c5 6.Bg2 Nc6 7.dxc5 Bxc5 8.O-O O-O
9.a3 Be7 10.b4 Bb7 11.Bb2 Rc8 12.e4 a5 13.b5 Nb8 14.Qe2 d6 15.e5 dxe5 16.Nxe5 Bxg2
17.Kxg2 Qc7 18.Rfd1 Nfd7 19.Ndf3 Nc5 20.Nd4 Na4 21.Ndc6 Nxc6 22.Rd7 Nb8 23.Rxc7 Rxc7
24.Bd4 Nc5 25.Rd1 Re8 26.Nxf7 Nbd7 27.Ne5 Bf8 28.Qh5 Nf6 29.Qf3 Rec8 30.Nc6 Rf7
31.Ne5 Rfc7 32.Re1 Bd6 33.Nc6 Re8 34.Rd1 e5 35.Be3 Bf8 36.Qf5 e4 37.Bg5 Nd3
38.Bxf6 gxf6 39.Qd5+ Kh8 40.Qd4 Bc5 41.Qxf6+ Rg7 42.Rd2 Rf8 43.Qc3 Rf3 44.Qa1 Kg8
45.Ne5 Rxf2+ 46.Rxf2 Nxf2 47.Nc6 Ng4 48.Qe1 Ne3+ 49.Kh3 Rg5 50.Qe2 Kg7 51.Nd8 Kf6
52.Nb7 Bd4 53.Nd6 Kg6 54.g4 h5 55.Nxe4 hxg4+ 56.Kg3 Rf5 57.Kh4 Rh5+ 58.Kg3 Rh3+
59.Kf4 Rf3+ 60.Qxf3 gxf3 61.c5 Bxc5 62.Kxf3 Nc4 63.Nxc5 bxc5 64.Ke4 Nb6  0-1

[Event "Budapest FS10 IM-A"]
[Site "Budapest"]
[Date "1998.10.11"]
[Round "9"]
[White "Arnold, Ferenc"]
[Black "Petran, Pal"]
[Result "1-0"]
[WhiteElo "2375"]
[BlackElo "2395"]

1.d4 Nf6 2.c4 e6 3.Nf3 b6 4.g3 Ba6 5.b3 Bb4+ 6.Bd2 Be7 7.Bg2 c6 8.Bc3 d5
9.Ne5 Nfd7 10.Nxd7 Nxd7 11.Nd2 O-O 12.O-O Nf6 13.e4 b5 14.cxb5 cxb5 15.e5 Nd7
16.b4 Rc8 17.Qf3 Nb6 18.Nb3 Na4 19.Bd2 Rc4 20.a3 Qb6 21.Rfe1 Rfc8 22.Nc5 Nxc5
23.dxc5 Qc6 24.Bc3 Bb7 25.Bf1 Re4 26.Bd3 Rxe1+ 27.Rxe1 Qa6 28.Bd4 Bc6 29.h4 Qb7
30.Rb1 Qd7 31.Qe2 a6 32.f4 f5 33.g4 g6 34.h5 Kf7 35.Kf2 Rg8 36.Rh1 Bb7 37.hxg6+ hxg6
38.Rh7+ Rg7 39.Rxg7+ Kxg7 40.gxf5 gxf5 41.Bxf5  1-0

[Event "Elista ol (Men)"]
[Site "Elista"]
[Date "1998.10.11"]
[Round "12"]
[White "Gyimesi, Zoltan"]
[Black "Bitoon, Richard"]
[Result "1/2-1/2"]
[WhiteElo "2525"]
[BlackElo "2350"]

1.d4 Nf6 2.c4 e6 3.Nf3 b6 4.g3 Ba6 5.b3 b5 6.cxb5 Bxb5 7.Nc3 Bc6 8.Bg2 Qc8
9.O-O Qb7 10.Ne1 Bxg2 11.Nxg2 Be7 12.Bb2 O-O 13.Rc1 a5 14.Re1 a4 15.e4 Bb4
16.e5 Bxc3 17.Bxc3 Nd5 18.bxa4 Nc6 19.Ne3 Nxc3 20.Rxc3 Qb2 21.Rc4 Qxa2 22.Qa1 Qd2
23.Rd1 Qe2 24.d5 exd5 25.Rxd5 Rfe8 26.Kg2 Rab8 27.Rc2 Qa6 28.Rcd2 Qa8 29.Kh3 Rb4
30.f4 Rxa4 31.Qd1 d6 32.exd6 cxd6 33.Nf5 Ne7 34.Rxd6 Nxf5 35.Rd8 g6 36.Rxa8 Raxa8
37.Rd7 Rf8 38.Qd5 Rac8 39.Qb3 Rb8 40.Qc3 Rbe8 41.Rd5 Re6 42.Re5 Rfe8 43.Rxe6 Rxe6
44.Qd3  1/2-1/2

[Event "Elista ol (Men)"]
[Site "Elista"]
[Date "1998.10.11"]
[Round "12"]
[White "Pelletier, Yannick"]
[Black "Alterman, Boris"]
[Result "1/2-1/2"]
[WhiteElo "2525"]
[BlackElo "2600"]

1.d4 Nf6 2.c4 e6 3.Nf3 b6 4.g3 Ba6 5.Qa4 Bb7 6.Bg2 c5 7.dxc5 bxc5 8.O-O Be7
9.Nc3 O-O 10.Rd1 Qb6 11.Bf4 d6 12.Rab1 Na6 13.Nb5 d5 14.Ne5 d4 15.Bxb7 Qxb7
16.e3 dxe3 17.Bxe3 h6 18.a3 Rfc8 19.Bf4 g5 20.Bd2 Nc7 21.Nxc7 Rxc7 22.Ba5 Rcc8
23.Qc2 Rab8 24.Rd3 Bf8 25.Qe2 Bg7 26.b4 cxb4 27.axb4 Qe4 28.Re1 Qxe2 29.Rxe2 Rb7
30.Rd6 Bf8 31.Rc6 Rxc6 32.Nxc6 Rd7 33.Rc2 g4 34.Kg2 h5 35.c5 Ne4 36.Ne5 Rd4
37.f3 gxf3+ 38.Nxf3 Rd5 39.c6 Nd6 40.Rc5 Nc8 41.Rxd5 exd5 42.Ne5 Bd6 43.Nd7 Kg7
44.b5 Kg6 45.Bc3 Bc7 46.Nf6 d4 47.Bxd4 Nd6 48.Nd5 Nxb5 49.Ne7+ Kh7 50.Bf6 Bd8
51.Nd5 Bxf6 52.Nxf6+ Kg6 53.Ne8 a5 54.c7 Na7 55.Nd6 a4 56.Kf3 a3 57.Nb5 a2
58.Nxa7 a1=Q  1/2-1/2

[Event "Budapest FS10 IM-B"]
[Site "Budapest"]
[Date "1998.10.12"]
[Round "10"]
[White "Eperjesi, Laszlo"]
[Black "Csonkics, Tunde"]
[Result "1/2-1/2"]
[WhiteElo "2305"]
[BlackElo "2225"]

1.d4 Nf6 2.c4 e6 3.Nf3 b6 4.g3 Ba6 5.b3 Bb4+ 6.Bd2 Be7 7.Bg2 Bb7 8.O-O O-O
9.Bc3 d5 10.Nbd2 Nbd7 11.Bb2 c5 12.cxd5 exd5 13.Rc1 Rc8 14.e3 Re8 15.dxc5 Nxc5
16.Nd4 Nfe4  1/2-1/2

[Event "Elista ol (Men)"]
[Site "Elista"]
[Date "1998.10.12"]
[Round "13"]
[White "Manninen, Marko"]
[Black "Olcayoz, Alper"]
[Result "1-0"]
[WhiteElo "2385"]
[BlackElo "2345"]

1.d4 Nf6 2.c4 e6 3.Nf3 b6 4.g3 Ba6 5.Nbd2 Bb7 6.Bg2 c5 7.d5 exd5 8.Nh4 g6
9.cxd5 b5 10.Qb3 a6 11.d6 Qc8 12.Qe3+ Kd8 13.Qe5 Ne8 14.Qxh8  1-0

[Event "New York Manhattan"]
[Site "New York"]
[Date "1998.10.13"]
[Round "6"]
[White "Bonin, Jay R"]
[Black "Robovic, Saudin"]
[Result "1-0"]
[WhiteElo "2405"]
[BlackElo "2330"]

1.d4 Nf6 2.c4 e6 3.Nf3 b6 4.g3 Ba6 5.Nbd2 d5 6.cxd5 exd5 7.Ne5 Bb7 8.Qa4+ c6
9.Bg2 Be7 10.O-O O-O 11.Ndf3 Ne4 12.Be3 a5 13.Rac1 Qe8 14.Rfd1 Bd6 15.Bh3 f6
16.Nd3 Ba6 17.Qb3 Bc7 18.Nf4 Bxf4 19.Bxf4 Bxe2 20.Re1 a4 21.Qe3 Bxf3 22.Qxf3 f5
23.Qd1 Qd7 24.Qc2 Rf6 25.f3 Nd6 26.Bxd6 Qxd6 27.Re8+ Kf7 28.Rce1 Ra7 29.Bxf5 g6
30.Bg4 Qb4 31.Qc1 Qxd4+ 32.Kh1  1-0

[Event "BL2-N9899"]
[Site "Germany"]
[Date "1998.10.18"]
[Round "1.4"]
[White "Jasnikowski, Zbigniew"]
[Black "Meier, Volker"]
[Result "1/2-1/2"]
[WhiteElo "2400"]
[BlackElo "2335"]

1.d4 Nf6 2.c4 e6 3.Nf3 b6 4.g3 Ba6 5.Nbd2 c5 6.Bg2 Bb7 7.dxc5 bxc5 8.O-O Be7
9.e4 d6 10.e5 dxe5 11.Nxe5 Qc7 12.Bxb7 Qxb7 13.Qb3 Qxb3 14.Nxb3 Nfd7 15.Nd3 O-O
16.Be3 Rc8 17.Rfd1 Kf8 18.Na5 Ke8 19.Rac1 Nc6 20.Nxc6 Rxc6 21.Rc3 Rd8 22.Kf1 Rd6
23.Ke2 Ne5 24.Bf4 Rxd3 25.Rdxd3 Nxd3 26.Rxd3 Rxd3 27.Kxd3 Kd7 28.Be5 f6 29.Bc3 e5
30.g4 Ke6 31.a3 g6 32.f3 h5 33.gxh5 gxh5  1/2-1/2

[Event "BL2-N9899"]
[Site "Germany"]
[Date "1998.10.18"]
[Round "1.2"]
[White "Czerwonski, Aleksander"]
[Black "Breyther, Ruediger"]
[Result "1-0"]
[WhiteElo "2390"]
[BlackElo "2390"]

1.d4 Nf6 2.c4 e6 3.Nf3 b6 4.g3 Ba6 5.Nbd2 Bb4 6.Qb3 c5 7.Bg2 Bb7 8.dxc5 Bxc5
9.O-O O-O 10.Qc3 a5 11.b3 Bb4 12.Qc2 a4 13.Bb2 a3 14.Bc3 Nc6 15.e4 d6 16.Bxb4 Nxb4
17.Qc3 Nc6 18.b4 Ne5 19.Nd4 Rc8 20.Rac1 Nxc4 21.Nxc4 d5 22.exd5 Bxd5 23.Qd3 Bxg2
24.Kxg2 Qd5+ 25.Kg1 Rcd8 26.Rfd1 e5 27.Nxe5 Qxe5 28.Nc6 Rxd3 29.Nxe5 Rxd1+
30.Rxd1 b5 31.Rd3 Ra8 32.f3 Kf8 33.Kf2 Re8 34.f4 Ra8 35.Ke3 Rc8 36.Kd4 Rd8+
37.Kc5 Ne4+ 38.Kxb5  1-0

[Event "BL2-W9899"]
[Site "Germany"]
[Date "1998.10.18"]
[Round "1.3"]
[White "Boidman, Yuri"]
[Black "Dautov, Rustem"]
[Result "1/2-1/2"]
[WhiteElo "2405"]
[BlackElo "2600"]

1.d4 Nf6 2.Nf3 e6 3.c4 b6 4.g3 Ba6 5.Nbd2 c5 6.Bg2 Nc6 7.dxc5 Bxc5 8.O-O O-O
9.a3 Be7 10.b4 Bb7 11.Bb2 Rc8 12.Qb1 h6 13.Rd1 Qc7 14.Ne4 Nxe4 15.Qxe4 Rfd8
16.Rac1 d6 17.Qg4 Bf8 18.h4 a5 19.Bc3 axb4 20.axb4 Nb8 21.Bd2 Nd7 22.Be3 Bxf3
23.Qxf3 Ne5 24.Qf4 Nxc4 25.b5 Be7 26.Rd4 d5 27.Rdxc4 dxc4 28.Qxc7 Rxc7 29.Bxb6 Rcd7
30.Bxd8 Bxd8 31.e3 Kf8 32.Rxc4 Rd1+ 33.Bf1 Ke7 34.Kg2 Bb6 35.Rc2 g5 36.h5 f5
37.Be2 Rd5 38.Ra2 g4 39.Bc4 Rd6 40.Kf1 Kf6 41.Ra8 Rd8 42.Ra6 Rd6 43.Ke2 Ke5
44.Ke1 Kf6 45.Bf1 e5 46.Bc4 f4 47.exf4 exf4 48.gxf4 Kf5 49.Bd5 Bxf2+ 50.Kxf2 Rxd5
51.Rxh6  1/2-1/2

[Event "Wch U16"]
[Site "Oropesa del Mar"]
[Date "1998.10.27"]
[Round "3"]
[White "Bunzmann, Dimitrij"]
[Black "Vavrak, Peter"]
[Result "0-1"]
[WhiteElo "2455"]
[BlackElo "2200"]

1.Nf3 Nf6 2.d4 e6 3.c4 b6 4.g3 Ba6 5.Qb3 Bb7 6.Bg2 c5 7.O-O cxd4 8.Nxd4 Bxg2
9.Kxg2 a6 10.Bf4 d6 11.Rd1 Nbd7 12.Nf3 Qc7 13.Nc3 Be7 14.Qa3 Qc5 15.b4 Qc6
16.Qb3 O-O 17.Rac1 Rfd8 18.b5 Qc7 19.Na4 a5 20.Nd4 e5 21.Nc6 Re8 22.Bg5 Bf8
23.Qe3 Re6 24.Nc3 Qb7 25.Bxf6 Nxf6 26.Ne4 Nxe4 27.Qxe4 Rae8 28.Kg1 g6 29.Qd5 Qc7
30.Rc3 Kh8 31.Ra3 Bh6 32.e3 f5 33.e4 f4 34.g4 Rf6 35.f3 Bg5 36.Qd2 h5 37.gxh5 gxh5
38.Rd3 Rg8 39.Kh1 Qd7 40.Rxd6 Qh3 41.Nxe5 Rxd6 42.Qxd6 Rd8 43.Qxd8+ Bxd8
44.Rxd8+ Kg7 45.Kg1 Qh4 46.Rd7+ Kf6 47.Nd3 Qh3 48.e5+ Kg5 49.Rg7+ Kh6 50.Rg6+ Kh7
51.Rxb6 Qxf3 52.Nf2 Qe3 53.Rb7+ Kg6 54.Rd7 f3 55.Rd6+ Kf7 56.e6+ Ke8  0-1

[Event "ISL-ch"]
[Site "Arborg"]
[Date "1998.10.29"]
[Round "3"]
[White "Thorsteinsson, Thorsteinn"]
[Black "Gretarsson, Helgi Ass"]
[Result "1/2-1/2"]
[WhiteElo "2310"]
[BlackElo "2480"]

1.d4 Nf6 2.c4 e6 3.Nf3 b6 4.g3 Ba6 5.b3 Bb4+ 6.Bd2 Be7 7.Bg2 Bb7 8.O-O O-O
9.Bc3 d5 10.Ne5 Qc8 11.Nd2 dxc4 12.bxc4 Bxg2 13.Kxg2 c5 14.e3 cxd4 15.exd4 Nc6
16.Nxc6 Qxc6+ 17.Qf3 Rfc8 18.Qxc6 Rxc6 19.a4 Rac8 20.Rfb1 a5 21.Rb5 Bd8 22.Rab1 Ne8
23.c5 Nd6 24.Bxa5 bxa5 25.cxd6 Rxd6 26.Rb8 Rdc6 27.R1b5 g6 28.Nb3 Kg7 29.R8b7  1/2-1/2